000
00215nam a22000857a 4500
008
170125b xxu||||| |||| 00| 0 eng d
100
_9
2563
_a
Singhal.J.P.
245
_a
Map Social Science-VI
260
_a
New Delhi
_b
AI
_c
2010
999
_c
5670
_d
5670